000 00726nam a2200241 a 4500
999 _c10937
_d10937
001 10937
003 BD-JhCC
005 20220310134021.0
008 190529b2008 bd ||||| a||| 00| 0 eng d
020 _a9487016900105
035 _a(BD-JhCC)10937
040 _aBD-JhCC
_dBD-JhCC
041 _aben
082 _bSHA 2008
_a796.0922
100 _aশরীফ, হাসান
245 _aসেরা ১০০ ক্রীড়াব্যক্তিত্ব /
_cহাসান শরীফ,
260 _aঢাকা:
_bঅ্যাডন পাবলিকেশন;
_c2008.
300 _a526 p. :
_c22 cm.
650 _aSports Man
_vBiography
650 _aAthletes
942 _2ddc
_cBK
_04